000 00695nam a2200289Ia 4500
005 20260324125824.0
008 008 260324s9999 xx 000 0 eng d
020 _a9780429159305
037 _aEBOOK
040 _aCRL
040 _beng
040 _cCRL
041 _2eng
041 _aeng
084 _qCRL
100 _aMiro Samek
_91179460
245 0 _aPractical UML Statecharts in C/C++
245 0 _bEvent-Driven Programming for Embedded Systems
260 _bTaylor and Francis
260 _c2008
365 _a
365 _b355
856 _uhttp://www.taylorfrancis.com/books/9780429159305
942 _cEBOOK
999 _c1775045
_d1775045